[Event "Krakow op-B 23rd"]
[Site "Krakow"]
[Date "2012.12.30"]
[Round "5"]
[White "Snihur, Adam"]
[Black "Ochowicz, Jakub"]
[Result "1-0"]
[WhiteElo "1645"]
[BlackElo "1562"]
[PlyCount "59"]
[EventDate "2012.12.27"]
[EventType "swiss"]
[EventRounds "9"]
[EventCountry "POL"]
[SourceTitle "CBM 152 Extra"]
[Source "ChessBase"]
[SourceDate "2013.02.25"]
[SourceVersion "1"]
[SourceVersionDate "2013.02.25"]
[SourceQuality "1"]

1. e4 c5 2. Nf3 e6 3. c3 Nf6 4. e5 Nd5 5. d4 cxd4 6. cxd4 Nc6 7. a3 d6 8. Bd3 dxe5 9. dxe5 Be7 10. 0-0 a6 11. b4 h6 12. Bb2 0-0 13. Nc3 Nxc3 14. Bxc3 b5 15. Qe2 Bb7 16. Rfd1 Qb6 17. Qe4 g6 18. Qf4 Kg7 19. Nh4 Bxh4 20. Qxh4 Qd8 21. Qh3 Qe7 22. Bd2 Rh8 23. Be4 Rad8 24. Qf3 Rc8 25. Rac1 Nxe5 26. Bc3 f6 27. Bxe5 Bxe4 28. Bxf6+ Qxf6 29. Rd7+ Kg8 30. Rxc8+ 1-0